| 000 | 00539cam a2200205 4500 | ||
|---|---|---|---|
| 001 | J118701 | ||
| 008 | 020704n2002 000 0 eng u | ||
| 035 | _a(Sirsi) u118701 | ||
| 041 | 0 | _aeng | |
| 050 | 0 | 4 | _a333.0062 $2 18 |
| 110 | 2 | _aLionHeart | |
| 245 | 0 | 0 | _aAnnual review 2001 |
| 260 |
_aCoventry _bLionHeart _c2002 |
||
| 300 |
_a[7]p. _c30cm. |
||
| 490 | 0 | _aLionHeart Annual Report | |
| 490 | 0 | _aLionHeart Financial Statements | |
| 651 | 4 | _aInternational | |
| 690 | _aABOUT RICS-RELATED ORGANISATIONS-LIONHEART | ||
| 942 | _n0 | ||
| 999 |
_c102162 _d102162 |
||